000
00279 a2200109 4500
001
69011
082
_a
620.1122 SIN
090
_c
38671
_d
38671
100
_a
Singh D.K
245
_a
Mechanics of solids theory and problems
260
_b
Pearson education asia
_a
New Delhi
_c
2002
942
_a
NUST-CAE
_k
620.1122 SIN
999
_c
304084
_d
304084